00189nam a2200073Ia 4500008004100000082001400041245004500055300001500100230907s9999||||xx |||||||||||||| ||und|| a333.7,TOP 0aTopical themes in energy and resources : axi, 270p.: